Dějiny Saúdské Arábie /

Hlavní autor: Mendel, Miloš, 1952-
Jazyk: Čeština
Vydáno: Praha : NLN, Nakladatelství Lidové noviny, 2016
Vydání: Vydání první
Edice: Dějiny států
Témata:
Fyzický popis: 400 stran : ilustrace, mapy, portréty ; 22 cm
Knihy
Uloženo v:
LEADER 01818nam a2200493 i 4500
001 nkc20162840795
003 CZ PrNK
005 20201101175226.0
007 ta
008 161013s2016 xr abc f 001 0 cze
015 |a cnb002840795 
020 |a 978-80-7422-499-7  |q (vázáno) :  |c Kč 379,00 
035 |a (OCoLC)962341511 
040 |a ABA001  |b cze  |e rda 
043 |a a-su--- 
072 7 |a 94(53)  |x Dějiny států a území na Arabském poloostrově  |2 Konspekt  |9 8 
080 |a 94(532)  |2 MRF 
080 |a (048.8)  |2 MRF 
100 1 |a Mendel, Miloš,  |d 1952-  |7 jn20000401773  |4 aut 
245 1 0 |a Dějiny Saúdské Arábie /  |c Miloš Mendel 
250 |a Vydání první 
264 1 |a Praha :  |b NLN, Nakladatelství Lidové noviny,  |c 2016 
300 |a 400 stran :  |b ilustrace, mapy, portréty ;  |c 22 cm 
336 |a text  |b txt  |2 rdacontent 
337 |a bez média  |b n  |2 rdamedia 
338 |a svazek  |b nc  |2 rdacarrier 
490 1 |a Dějiny států 
500 |a Chronologický přehled 
504 |a Obsahuje bibliografii a rejstřík 
651 7 |a Saúdská Arábie  |7 ge130753  |x dějiny  |2 czenas 
651 9 |a Saudi Arabia  |x history  |2 eczenas 
655 7 |a přehledy  |7 fd133202  |2 czenas 
655 7 |a monografie  |7 fd132842  |2 czenas 
655 9 |a surveys  |2 eczenas 
655 9 |a monographs  |2 eczenas 
830 0 |a Dějiny států  |0 s 
910 2 |a BOA001  |b 2-1374.466 
928 9 |a Nakladatelství Lidové noviny 
990 |a BK 
995 |a 01 
991 |b 201610  |c NOV 
996 6 |b 2610684809  |c 2-1374.466  |l MZK  |r Sklad / do 1 hodiny  |n 0  |p p.v.  |w 001583285  |u 000010  |a 1  |e BOA001  |j MZK50  |s P 
996 6 |b 2610686469  |c 2-1374.466  |l MZK  |r HSS 5p  |n 0  |p kup  |h 94(5/9) DĚJ  |w 001583285  |u 000020  |a 0  |e BOA001  |j MZK50  |s P 
996 7 |b 2610686470  |c 2-1374.466  |l Vol.výběr  |r VV 1p  |n 16  |p kup  |h 94(5/9) DĚJ  |w 001583285  |u 000030  |a 0  |e BOA001  |j MZK50  |s A